| 000 | 00790nac a22002171u 4500 | ||
|---|---|---|---|
| 010 | _a 2003100478 | ||
| 020 | _a0672325616 | ||
| 082 | 0 | 0 |
_a005.2762 _bSCH |
| 090 |
_c7788 _d7788 |
||
| 100 | _aSchlossnagle, George. | ||
| 245 | 1 | 0 |
_aAdvanced PHP programming : _ba practical guide to developing large-scale Web sites and applications with PHP 5 / _cGeorge Schlossnagle. |
| 260 |
_aIndianapolis, Ind. : _bSams Pub.,2004 _cc2004. |
||
| 300 |
_axvii, 650 p. : _bill. ; _c23 cm. |
||
| 440 | 0 | _aDeveloper's library | |
| 500 | _adistributer: Baccah | ||
| 504 | _aIncludes bibliographical references and index. | ||
| 511 | _acatalogued by: wessam | ||
| 650 | 0 | _aPHP (Computer program language) | |
| 650 | 0 |
_aWeb sites _xDesign. |
|
| 942 |
_cNB _k005.2762SCH |
||
| 999 |
_c7788 _d7788 |
||